Environmental and Water Resources 2004.

Bibliographic Details
Format: eBook
Published: [Place of publication not identified] : American Society of Civil Engineers, 2004.
Subjects:
Online Access:Connect to the full text of this electronic book

MARC

Tag First Indicator Second Indicator Subfields
LEADER 00000cam a22000005u 4500
001 in00002787091
005 20190331170714.0
006 m o d
007 cr nn 008mam|a
008 040716t2004 gw fo || 0 0 |||||
020 |a 9780784407370 
035 |a (American Society of Civil Eng)10.1061/environmentalwaterresources2004 
040 |d UtOrBLW 
245 0 0 |a Environmental and Water Resources 2004. 
264 1 |a [Place of publication not identified] :  |b American Society of Civil Engineers,  |c 2004. 
300 |a 1 online resource. 
336 |a text  |b txt  |2 rdacontent 
337 |a computer  |b c  |2 rdamedia 
338 |a online resource  |b cr  |2 rdacarrier 
500 |a Electronic resource. 
653 |a Proceedings  |a Environmental and Water Resources Institute (EWRI)  |a Environmental engineering  |a Water and water resources  |a History and heritage  |a Available in Print 
655 7 |a Electronic books.  |2 local 
730 0 |a ASCE Library. 
856 4 0 |u http://proxy.library.tamu.edu/login?url=http://ascelibrary.org/action/showBook?doi=10.1061%2Fenvironmentalwaterresources2004  |z Connect to the full text of this electronic book  |t 0 
999 |a MARS 
999 f f |s 7dc79ec0-c333-3de6-b93a-4dce1a4125ef  |i 4a404f43-25cc-3241-a439-8c9e3e77b808  |t 0 
952 f f |a Texas A&M University  |b College Station  |c Electronic Resources  |d Available Online  |t 0  |h No information provided 
998 f f |t 0  |l Available Online